| 000 | 00578nam a2200169 i 4500 | ||
|---|---|---|---|
| 001 | 96978 | ||
| 003 | ES-MaACL | ||
| 005 | 20230906182020.0 | ||
| 007 | t| | ||
| 008 | 050705s1963 sp ||||1| spa d | ||
| 100 | 1 |
_aManrique, Gervasio. _976096 |
|
| 245 | 1 | 3 |
_aEl casticismo de Castilla en el folklore / _cpor G. Manrique. |
| 260 |
_aMadrid : _bC. Bermejo, _c1963. |
||
| 300 | _a55-77 p., lám. I-IV. | ||
| 500 | _aEs tirada aparte de la Revista de la Dialectología y Tradiciones Populares. Tomo XIX, 1963. Cuadernos 1º, 2º y 3º. | ||
| 852 |
_aES-MaACL _j2034-F-26 _bR.53591 |
||
| 999 |
_c96978 _d96978 |
||